Calvin and Hobbes: Calvin's Alter Egos Quiz Stats

 Plays Quiz Updated Jun 11, 2017

Support Sporcle.
Go Orange.
Score 0/16 Timer 04:00
0 Plays Today
% Correct
Skeleton
95.7%
Werewolf
94.3%
Safari Al
93.8%
Pirate
93.5%
Tiger
92.3%
Spaceman Spiff
91.7%
Giant
91.6%
Dragon
91.6%
% Correct
Good Side
91.5%
Zombie
91.2%
Human Insect
88.2%
Stupendous Man
86.7%
Giant Amoeba
86.2%
Invisible
85.9%
Tracer Bullet
79.5%
Susie's Husband
76.8%

You're not logged in!

Compare scores with friends on all Sporcle quizzes.
OR
Log In
Forgot?
Remove Ads.
Support Sporcle.
Get the best of Sporcle when you Go Orange. This ad-free experience offers more features, more stats, and more fun while also helping to support Sporcle. Thank you for becoming a member.

Show Comments

Extras

Top Quizzes Today


Score Distribution

Your Account Isn't Verified!

In order to create a playlist on Sporcle, you need to verify the email address you used during registration. Go to your Sporcle Settings to finish the process.

Report this User

Report this user for behavior that violates our Community Guidelines.

Details: